000 00750nam a2200241 i 4500
001 C2-0309323
003 PPAK
005 20180728100344.0
008 110529s2008 my a|||| ||||| | may d
020 _a9789834348519
040 _aPPAK
_beng
_cPPAK
_erda
082 0 4 _a959.512131
_223
090 0 0 _a959.512131
_bMOH
_dKMI
100 0 _aMohamad Qayum A. Badaruddin,
_eauthor
245 1 0 _aJejak-jejak Jepun :
_bpertempuran di Kota Bharu
264 1 _aKuala Lumpur :
_bMedia Satria ,
_c2008
300 _a135 pages :
_billustrations ;
_c21 cm
336 _2rdacontent
_atext
337 _2rdamedia
_aunmediated
338 _2rdacarrier
_avolume
650 1 0 _aKota Bahru (Kelantan) - History - Japanese occupation, 1942-1945.
942 _ddc
_cB
999 _c111865
_d111865